| 000 | 00766nam a2200253 i 4500 | ||
|---|---|---|---|
| 001 | 92050 | ||
| 003 | ES-MaACL | ||
| 005 | 20230906180904.0 | ||
| 007 | t| | ||
| 008 | 050329s1990 sp ||||1| spa d | ||
| 020 | _a84-86547-12-1 | ||
| 080 | _a811.361 | ||
| 080 | _a946.0".../-218" | ||
| 100 | 1 |
_aHumboldt, Wilhelm von. _964716 |
|
| 245 | 1 | 4 |
_aLos primitivos habitantes de España / _cWilhelm von Humboldt. |
| 260 |
_aMadrid : _bPolifemo, _c1990. |
||
| 300 |
_a223 p. : _bil. ; _c20 cm. |
||
| 490 | 1 |
_aEl espejo navegante ; _v2 |
|
| 650 |
_aLengua vasca. _914329 |
||
| 651 | 4 |
_aEspaña- _xHistoria- _y...-0218, Época prerromana. _98210 |
|
| 830 | 0 |
_aEl espejo navegante ; _v2 _9184239 |
|
| 852 |
_aES-MaACL _jE-10860 _bR.135723 |
||
| 999 |
_c92050 _d92050 |
||